书目信息 |
| 书名: | Salvation and liberation | |
| 作者: | Leonardo and Clodovis Boff ; translated from the Portuguese by Robert R. Barr. | |
| 分册号: | ||
| 分册名: | 出版地: | Maryknoll, N.Y. : |
|
| 出版社: | Orbis Books | |
| 出版时间: | c1984. | |
| 页数: | viii, 119 p. ; | |
| 开本: | 21 cm. | |
| 丛书名: | ||
| 中图分类号: | ||
| 科图分类号: | ||
| 其他分类号: | B9 | |
| 主题词: | ||
| 电子资源: | ||
| 000 | 00974pam a2200301 a 450 | |
| 001 | E0740829077 | |
| 005 | 20070515112551.28 | |
| 008 | 840322s1984 nyu b 000 0 eng | |
| 010 | @a84007220 | |
| 020 | @a0883444518 (pbk.). | |
| 035 | @A(DLC) 84007220 | |
| 040 | @aDLC@cDLC@dDLC | |
| 041 | 1 | @aengpor |
| 050 | 00 | @aBT83.57@b.B613 1984 |
| 082 | 00 | @a261.8/098@2 19 |
| 090 | @aB9 | |
| 099 | @dB9@ex24 | |
| 100 | 1 | @aBoff, Leonardo. |
| 240 | 10 | @aDa libertac?a?o.@lEnglish |
| 245 | 10 | @aSalvation and liberation / @cLeonardo and Clodovis Boff ; translated from the Portuguese by Robert R. Barr. |
| 260 | @aMaryknoll, N.Y. :@bOrbis Books,@cc1984. | |
| 300 | @aviii, 119 p. ;@c21 cm. | |
| 500 | @aTranslation of: Da libertac?a?o. | |
| 504 | @aIncludes bibliographical references. | |
| 650 | 0 | @aLiberation theology. |
| 700 | 1 | @aBoff, Clodovis. |
| 906 | @a7@bcbc@corignew@d1@eocip@f19@gy-gencatlg | |
| 991 | @bc-GenColl@hBT83.57@i.B613 1984@tCopy 1@wBOOKS | |
| Salvation and liberation / / Leonardo and Clodovis Boff ; translated from the Portuguese by Robert R. Barr.-Maryknoll, N.Y. : : Orbis Books, , c1984. |
| viii, 119 p. ; ; 21 cm. |
| Translation of: Da libertac?a?o.-Includes bibliographical references. |
| ISBN 0883444518 (pbk.). |
| ● |
| 相关链接 |
|
|
|
|
正题名:Salvation and liberation
索取号:B9/x24
 
预约/预借
| 序号 | 登录号 | 条形码 | 馆藏地/架位号 | 状态 | 备注 |
| 1 | 8445 | 300084450 | 第二样本阅览室/ [索取号:B9/x24] | 在馆 | |
| 2 | 8446 | 300084469 | 第四借阅区/ [索取号:B9/x24] | 在馆 |